Top 15 Most visited countries annually(2026 version) - Statistics

General Stats
  • This quiz has been taken 30 times
  • The average score is 12 of 15
Answer Stats
Hint Answer % Correct
1 France
100%
9 Japan
96%
2 Spain
96%
3 USA
96%
15 China
93%
5 Italy
93%
7 U.K.
93%
8 Germany
85%
6 Mexico
85%
13 Portugal
85%
4 Turkey
85%
10 Greece
78%
14 Thailand
67%
11 Austria
59%
12 Malaysia
15%
No matching quizzes found
Score Distribution
Percent of People with Each Score
Percentile by Number Answered
Your Score History
You have not taken this quiz